| 000 | 00524nam a22001937a 4500 | ||
|---|---|---|---|
| 003 | OSt | ||
| 005 | 20180419123241.0 | ||
| 008 | 151126b xxu||||| |||| 00| 0 eng d | ||
| 020 | _a9780471752158 | ||
| 040 | _cDNLM | ||
| 082 | _aQV778 A75d 2007 | ||
| 100 |
_aedited by Johnson, Douglas S.; Jack, LI Jie _96314 |
||
| 245 | _aThe art of Drug Synthesis | ||
| 260 | _aNew Jersey; Wiley, 2007 | ||
| 300 | _axv, 276p; col.ill: 26.5cm | ||
| 504 | _aReferences, & index included | ||
| 650 |
_aDrugs _91642 |
||
| 942 |
_2z _cO_SHELF |
||
| 999 |
_c2694 _d2694 |
||